boissons par images - Statistiques

Statistiques générales
  • Ce quiz a été pris 286 fois
  • Le résultat moyen est 6 sur 16
Statistiques - réponses
Par images Réponse % Correct
vin
99%
bière
67%
pastis
59%
eau
58%
vodka
52%
tequila
35%
rhum
32%
gin
31%
champagne
27%
curaçao
27%
absinthe
24%
cidre
24%
cognac
22%
calvados
20%
whiskey
17%
armagnac
11%
Aucun quiz correspondant
Distribution des résultats
% des personnes avec chaque résultat
Percentile par nombre de réponses
Votre historique - résultats
Vous n’avez pas pris ce quiz